000 01737nam0a2200349 4500
001 RU\NLR\bibl\221503
005 20260405202747.0
021 _aRU
_b2001-38161
_91809
035 _a(NLR Aleph) 000217568
090 _a1263998
_c1263998
100 _a20020108d2001 |||y0rusy50 ca
101 0 _arus
102 _aRU
105 _aa |||||||||
200 1 _aОснования и фундаменты транспортных сооружений
_eУчеб. пособие для вузов ж.-д. трансп.
_fВ.И. Пусков
_gМ-во путей сообщ. РФ, Сиб. гос. ун-т путей сообщ.
210 _aНовосибирск
_cИзд-во Сиб. гос. ун-та путей сообщ.
_d2001
215 _a213, [1] с.
_cил.
_d21
320 _aБиблиогр.: с. 214
606 0 _aТранспортные сооружения
_jРуководства, пособия и т.п. для высшей школы
_xОснования и фундаменты
_91841652
_3RU\NLR\auth\66833725
606 0 _aТранспортные сооружения
_jУчебные издания для высшей школы
_xОснования и фундаменты
_91841652
_3RU\NLR\auth\66833725
606 0 _aТранспортные сооружения - Основания фундаменты
675 _a624.15(075.8)
_v3
_zrus
686 _a67
_2rugasnti
686 _a38.58я73
_2rubbk
686 _aО112.02-043.02я73-1
700 1 _4070
_8rus
_7ca
_aПусков
_bВ. И.
_gВиктор Исакович
_3RU\NLR\auth\7790207
_973134
801 0 _aRU
_bRKP
_c20020108
_gPSBO
801 1 _aRU
_bRKP
_c20020108
801 2 _aRU
_bNLR
_c20100726
_grcr
942 _cBOOK
980 _aNB